000 01125nam0a22002891 4500
001 rc\333685
005 20170327141053.0
010 _a5-02-026630-2
_91250
035 _a(NLR Aleph) 005568861
090 _a5990369
_c5990369
100 _a20030307d1989 u |0rusy50 ca
101 0 _arus
102 _aRU
105 _aa |||||||||
200 1 _aМикоплазмы
_dThe mycoplasmas
_eМолекуляр. и клеточ. биология, патогенность, диагностика
_fОтв. ред. Г.П. Пинаев
_gАН СССР, Ин-т цитологии
210 _aЛ.
_cНаука. Ленингр. отд-ние
_d1989
215 _a155, [1] с., [6] л. ил.
_cил.
_d22
320 _aБиблиогр.: с. 131-151
510 0 _aThe mycoplasmas
700 1 _aБорхсениус
_bС. Н.
_gСергей Николаевич
701 1 _aЧернова
_bО. А.
_cд-р биол. наук
_f1960-
_gОльга Александровна
_3RU\NLR\AUTH\770171112
801 0 _aRU
_bNLR
_gpsbo
801 1 _aRU
_bELAR
_2rusmarc
852 _aNLR
_j89-5/2040
942 _cBOOK
980 _aNB